| 000 | 00865nam a22001815i 4500 | ||
|---|---|---|---|
| 001 | 162158 | ||
| 003 | ES-MaACL | ||
| 005 | 20250930063143.0 | ||
| 008 | 000120s1876 sp |||| | spa d | ||
| 040 |
_aCAM _bspa _cCAM |
||
| 100 | 1 |
_aPina Domínguez, Mariano, _d1840-1895 _9139971 |
|
| 245 | 1 | 3 |
_aLa dulce alianza _b: juguete cómico en tres actos y en prosa / _cpor Mariano Pina Dominguez. |
| 260 |
_aMadrid : _b[Administración lírico-dramática], _c1876 ( _fImprenta de José Rodriguez) |
||
| 300 |
_a67 p. ; _c19 cm. |
||
| 500 | _aEn port.: Representado la primera vez en Madrid, en el Teatro Español, el 24 de febrero de 1876. | ||
| 852 |
_aES-MaACL _jF-8583(5) _z-- Enc. pasta española _q-- Falto de la cub. original _z-- Enc. en un vol. facticio formando parte de la col. facticia "Teatro español moderno", vol. 36 |
||
| 999 |
_c162158 _d162158 |
||